2019-2020 Philadelphia Eagles Current Roster - Statistics

General Stats
  • This quiz has been taken 534 times
  • The average score is 21 of 41
Answer Stats
Hint Answer % Correct
QB Carson Wentz
100%
RB Miles Sanders
86%
TE Zach Ertz
85%
OL Jason Kelce
82%
WR Alshon Jeffery
81%
DT Fletcher Cox
79%
OL Lane Johnson
79%
DE Brandon Graham
71%
Coach Doug Pederson
71%
TE Dallas Goedert
68%
WR DeSean Jackson
67%
OL Jason Peters
67%
FS Malcolm Jenkins
64%
DT Malik Jackson
63%
WR Nelson Agholor
62%
K Jake Elliott
61%
OL Brandon Brooks
60%
CB Jalen Mills
58%
RB Jordan Howard
57%
QB Nate Sudfeld
55%
RB Corey Clement
50%
QB Josh McCown
49%
CB Ronald Darby
49%
DE Derek Barnett
47%
CB Avonte Maddox
43%
SS Rodney McLeod
43%
CB Sidney Jones
43%
WR JJ Arcega-Whiteside
41%
LB Nigel Bradham
41%
P Cameron Johnston
37%
OL Isaac Seumalo
30%
TE Richard Rodgers
30%
CB Rasul Douglas
29%
DE Vinny Curry
28%
WR Mack Hollins
25%
DT Tim Jernigan
24%
LB Kamu Grugier-Hill
20%
LB Zach Brown
20%
SS Andrew Sendejo
13%
LS Rick Lavato
11%
FS Tre Sullivan
2%
No matching quizzes found
Score Distribution
Percent of People with Each Score
Percentile by Number Answered
Your Score History
You have not taken this quiz